| 000 | 00774nam a22002177a 4500 | ||
|---|---|---|---|
| 003 | UA-OsUOA | ||
| 001 | 111149 | ||
| 007 | ta | ||
| 008 | 20150427b un ||||| |||| 00| 0 ukr d | ||
| 100 | _aСтоляр З. | ||
| 090 |
_a908 _bС81 |
||
| 942 | _cSA | ||
| 040 |
_aUA-OsUOA _bukr _cUA-OsUOA _dUA-OsUOA |
||
| 245 | _aУ національному університеті "Острозька академія" обговорили назрілі питання української лінгвістики й лінгводидактики | ||
| 300 | _aС.62 | ||
| 955 | _a0 | ||
| 041 | _aukr | ||
| 080 | _a908 | ||
| 773 | 0 |
_w111145 _tУкраїнська мова і література в школі _dК. _d2015 _g1 |
|
| 650 | 7 |
_a908 Краєзнавство _2UDC |
|
| 999 |
_c397117 _d397117 |
||